Normal view
MARC view
- Solea, Razvan, Razvan Solea
Entry Personal Name
001 - CONTROL NUMBER
- control field: 68060
003 - CONTROL NUMBER IDENTIFIER
- control field: NUST
005 - DATE AND TIME OF LATEST TRANSACTION
- control field: 20210628203950.0
008 - FIXED-LENGTH DATA ELEMENTS
- fixed length control field: 210628|| aca||aabn | a|a d
040 ## - CATALOGING SOURCE
- Original cataloging agency: NUST
- Transcribing agency: NUST
100 ## - HEADING--PERSONAL NAME
- Personal name: Solea, Razvan, Razvan Solea
670 ## - SOURCE DATA FOUND
- Source citation: Work cat.: (NUST): Solea, Razvan, Razvan Solea, Sliding mode control applied in mobile robots and autonomous vehicles, trajectory-tracking control problem, 2010
